Morphology and mechanical properties of elastomeric alloys from rubber crumb and thermoplastics (Record no. 63281)

MARC details
000 -LEADER
fixed length control field 00635nam a2200217Ia 4500
100 ## - MAIN ENTRY--AUTHOR NAME
Personal name Scholz H
245 #0 - TITLE STATEMENT
Title Morphology and mechanical properties of elastomeric alloys from rubber crumb and thermoplastics
260 ## - PUBLICATION, DISTRIBUTION, ETC. (IMPRINT)
Name of publisher Kautschuk Gummi Kunststoffe
Year of publication 2002
300 ## - PHYSICAL DESCRIPTION
Number of Pages 584-589
650 ## - SUBJECT ADDED ENTRY--TOPICAL TERM
Topical Term Dynamical stabilization
650 ## - SUBJECT ADDED ENTRY--TOPICAL TERM
Topical Term Elastomeric alloy
650 ## - SUBJECT ADDED ENTRY--TOPICAL TERM
Topical Term Interphase
650 ## - SUBJECT ADDED ENTRY--TOPICAL TERM
Topical Term Rubber recycling
650 ## - SUBJECT ADDED ENTRY--TOPICAL TERM
Topical Term Scanning electron microscopy
650 ## - SUBJECT ADDED ENTRY--TOPICAL TERM
Topical Term Stress-strain behaviour
700 ## - ADDED ENTRY--PERSONAL NAME
Personal name Mening G
700 ## - ADDED ENTRY--PERSONAL NAME
Personal name Michael H
700 ## - ADDED ENTRY--PERSONAL NAME
Personal name Potschke P
942 ## - ADDED ENTRY ELEMENTS (KOHA)
Koha item type Journals
Holdings
Withdrawn status Lost status Damaged status Not for loan Home library Current library Shelving location Date acquired Serial Enumeration / chronology Koha item type
      Journals RRII Library RRII Library Rubber chemistry 17/12/2021 Volume 55, Issue 11 Journals